Szczegóły MARC21

Podstawy zarządzania organizacjami /

003 -Nazwa inst., której nr kontr. jest w polu 001 [,]
    • @
    • Nazwa instytucji, której n kontrolny jest w polu 001
    • NUKAT
005 -DATA I CZAS OSTATNIEJ MODYFIKACJI [,]
    • @
    • pole kontrolne
    • 20260413131643.0
020 -Międzynarod. znormalizowany nr książki - ISBN [ , ]
    • a
    • Numer ISBN
    • 8301120193 Find
040 -Instytucja sporządzająca opis [ , ]
    • a
    • Instytucja, która sporządziła opis (NP)
    • TOR U/lf
    • b
    • Język katalogowania
    • pol
    • e
    • Zasady katalogowania
    • rda
    • c
    • Instytucja, która sporządziła rekord (NP)
    • TOR U/lf
    • d
    • Instytucja, która zmodyfikowała rekord (P)
    • TOR U/LF
    • d
    • Instytucja, która zmodyfikowała rekord (P)
    • LUBL U/JLs
    • d
    • Instytucja, która zmodyfikowała rekord (P)
    • GL 001/ERs
    • d
    • Instytucja, która zmodyfikowała rekord (P)
    • KAT 001/PD
    • d
    • Instytucja, która zmodyfikowała rekord (P)
    • GL 001/FAK
041 -Język dokumentu [1, ]
    • a
    • Język tekstu (P)
    • polski
    • h
    • Język tekstu oryginalnego i/lub pośredniego (P)
    • angielski
942 -Rodzaj dokumentu [ , ]
    • c
    • Rodzaj dokumentu
    • Książka
100 -Hasło główne - nazwa osobowa [1, ]
    • a
    • Nazwa osobowa (NP)
    • Griffin, Ricky W.
    • d
    • Daty biograficzne (NP)
    • (1950- ).
    • e
    • Rodzaj współpracy
    • Autor
    • 9
    • KHW
    • 40678
240 -Tytuł ujednolicony [1,0]
    • a
    • Tytuł ujednolicony
    • Management
    • l
    • Język tekstu
    • (pol.)
    • 9
    • KHW
    • 40680
245 -Strefa tytułu i oznaczenia odpowiedzialności [1,0]
    • a
    • Tytuł
    • Podstawy zarządzania organizacjami / Find
    • c
    • Pozostałe elementy strefy tytułu i oznaczenia odpowiedzialności (NP)
    • Ricky W. Griffin ; przekład Michał Rusiński.
250 -Strefa wydania [ , ]
    • a
    • Oznaczenie wydania (NP)
    • Wydanie pierwsze.
260 -Strefa adresu wydawniczego [ , ]
    • a
    • Miejsce wydania (P)
    • Warszawa :
    • b
    • Nazwa wydawcy (P)
    • Wydawnictwo Naukowe PWN,
    • c
    • Data wydania (P)
    • 1996.
300 -Strefa opisu fizycznego [ , ]
    • a
    • Określenie formy książki i/lub objętość (NP)
    • 826, [2] strony :
    • b
    • Oznaczenie ilustracji (NP)
    • ilustracje ;
    • c
    • Format (NP)
    • 25 cm.
336 -Typ zawartości [ , ]
    • a
    • Termin opisujący typ zawartości
    • Tekst
    • b
    • Kod określający zawartość
    • txt
    • 2
    • Źródło (terminu i kodu)
    • rdacontent
337 -Typ mediów [ , ]
    • a
    • Tryb odtwarzania
    • Bez urządzenia pośredniczącego
    • b
    • Kod typu mediów
    • n
    • 2
    • Źródło (terminu i kodu)
    • rdamedia
338 -Typ/rodzaj nośnika [ , ]
    • a
    • Hasło opisujące typ nośnika
    • Wolumin
    • b
    • Kod typu nośnika
    • nc
    • 2
    • Źródło (terminu i kodu)
    • rdacarrier
380 -Deskryptor - Forma dzieła (P) [ , ]
    • a
    • forma dzieła (NP)
    • Książki
380 -Deskryptor - Forma dzieła (P) [ , ]
    • a
    • forma dzieła (NP)
    • Publikacje dydaktyczne
380 -Deskryptor - Forma dzieła (P) [ , ]
    • a
    • forma dzieła (NP)
    • Publikacje fachowe
385 -Deskryptor - grupa odbiorców (P) [ , ]
    • m
    • wyrażenie wprowadzające (NP)
    • Poziom nauczania
    • a
    • termin określający odbiorcę (P)
    • Szkoły wyższe
388 -Deskryptor - czas powstania dzieła (P) [1, ]
    • a
    • Czas powstania dzieła (NP)
    • 1901-2000
388 -Deskryptor - czas powstania dzieła (P) [1, ]
    • a
    • Czas powstania dzieła (NP)
    • 1989-2000
504 -Uwaga dot. bibliogr. załącznikowej [ , ]
    • a
    • Uwaga dot. bibliografii załącznikowej
    • Bibliografia przy rozdziałach. Indeks.
536 -Uwaga dot. finansowania książki [ , ]
    • a
    • Tekst uwagi
    • Tyt. dotowany przez Ministra Edukacji Narodowej
080 -Uniwersalna Klasyfikacja Dziesiętna [ , ]
    • 2
    • Identyfikator wydania tablic
    • UDC-P058
    • 9
    • UKD
    • 5600
    • a
    • Symbol klasyfikacji
    • 658
    • b
    • Dopowiedzenie
    • Zarządzanie biznesem. Organizacja przedsiębiorstwa. Organizacja i technika handlu.
    • 4
    • UKD2
    • 7665
    • x
    • Poddział wspólny
    • (075.8)
    • c
    • Dopowiedzenie poddz. wspólnego
    • (Podręczniki dla szkół wyższych. Skrypty).
080 -Uniwersalna Klasyfikacja Dziesiętna [ , ]
    • 2
    • Identyfikator wydania tablic
    • UDC-P058
    • 9
    • UKD
    • 2164
    • a
    • Symbol klasyfikacji
    • 005
    • b
    • Dopowiedzenie
    • Zarządzanie.
    • 4
    • UKD2
    • 7665
    • x
    • Poddział wspólny
    • (075.8)
    • c
    • Dopowiedzenie poddz. wspólnego
    • (Podręczniki dla szkół wyższych. Skrypty).
650 -Hasło przedmiotowe [ ,7]
    • a
    • Hasło przedmiotowe
    • Menedżerowie i menedżerki
    • 2
    • Źródło terminu
    • DBN
    • 9
    • KHW
    • 722996
650 -Hasło przedmiotowe [ ,7]
    • a
    • Hasło przedmiotowe
    • Organizacja
    • 2
    • Źródło terminu
    • DBN
    • 9
    • KHW
    • 722344
650 -Hasło przedmiotowe [ ,7]
    • a
    • Hasło przedmiotowe
    • Zarządzanie
    • 2
    • Źródło terminu
    • DBN
    • 9
    • KHW
    • 722265
650 -Hasło przedmiotowe [ ,7]
    • a
    • Hasło przedmiotowe
    • Zarządzanie procesami biznesowymi
    • 2
    • Źródło terminu
    • DBN
    • 9
    • KHW
    • 724255
650 -Hasło przedmiotowe [ ,7]
    • a
    • Hasło przedmiotowe
    • Organizacja
    • v
    • Określnik formalny
    • podręczniki akademickie.
    • 2
    • Źródło terminu
    • kaba
    • 9
    • KHW
    • 349373
650 -Hasło przedmiotowe [ ,7]
    • a
    • Hasło przedmiotowe
    • Zarządzanie
    • v
    • Określnik formalny
    • podręczniki akademickie.
    • 2
    • Źródło terminu
    • kaba
    • 9
    • KHW
    • 352190
655 -Hasło w funkcji tematu formalnego [ ,7]
    • a
    • Hasło
    • Podręcznik
    • 2
    • Źródło terminu
    • DBN
    • 9
    • KHW
    • 720960
658 -Ujęcie treści [ , ]
    • a
    • dziedzina nauki i sztuki/ sfera aktywności życiowej
    • Zarządzanie i marketing
980 -Symbol UKD [ , ]
    • a
    • UKD
    • 658:005](075.8)
700 -Hasło dodatkowe - nazwa osobowa [1, ]
    • a
    • Nazwa osobowa (NP)
    • Rusiński, Michał. Find
    • e
    • Określenie rodzaju współpracy
    • Tłumaczenie
    • 9
    • KHW
    • 21168
710 -Hasło dodatkowe - nazwa ciała zbiorowego [2, ]
    • a
    • Nazwa ciała zbiorowego lub nazwa geograficzna jako pierwszy element (NP)
    • Wydawnictwo Naukowe PWN.
    • e
    • Rodzaj współpracy
    • Wydawca
    • 4
    • Kod relacji
    • pbl
    • 9
    • KHW
    • 52648
920 -ISBN [ , ]
    • a
    • ISBN
    • 83-01-12019-3 Find
Lokalizacja Data inwentaryzacji Numer inwentarzowy Status udost. Sygnatura
BE1997-03-07S.80035-6 
BE1997-03-07S.80036-6 
BE1997-03-07S.800372 
BE1997-03-07S.800382 
BE1997-03-07S.800392 
BE1997-03-07E.64169-2 
BG1997-03-07W.189304-9W.189304
BG1997-03-07W.189305-9W.189304
BG1997-03-07W.189306-9W.189304
BG1997-03-07W.189307-9W.189304
BG1997-03-07Z.889841Z.88984
BG1997-04-25W.189971-9W.189304
BNS1997-03-07F.267131 
T2008-03-12TM.5354-3